Las armas blancas en España e Indias: ordenamiento jurídico

Na minha lista:
Detalhes bibliográficos
Autor principal: Martínez del Peral, Rafael (autor)
Formato: Livro
Idioma:espanhol
Publicado em: Madrid MAPFRE 1992
Assuntos:
Tags: Adicionar Tag
Sem tags, seja o primeiro a adicionar uma tag!

MARC

LEADER 00000nam a2200000 a 4500
001 UCX6547
003 CL-VaPUC
008 930721e19920000SP |||||||||||||||||spa|d
082 0 4 |a 946  |b MAR  |2 21 
100 |a Martínez del Peral, Rafael  |e autor  |9 323073 
245 1 4 |a Las armas blancas en España e Indias: ordenamiento jurídico 
300 |a 277 p 
942 |c BK 
945 |d 19930721 00:00:00 
260 |a Madrid  |b MAPFRE  |c 1992 
650 0 |a Armas   |v Historia   |9 323074 
583 |a last modification  |c 19930721 00:00:00  |k Rodrigo Vera 
999 |c 226547  |d 226545 
952 |0 0  |1 0  |4 0  |6 946_000000000000000_MAR_1992  |7 0  |8 A  |9 224998  |a BIBHIS  |b BIBHIS  |d 2019-11-15  |i 2937069  |o 946 MAR 1992  |p 2937069  |r 2025-01-20  |w 2019-11-15  |y BK  |k HIS